000 00719nam a2200289Ia 4500
005 20260324113705.0
008 008 260324s9999 xx 000 0 eng d
020 _a9781003244035
037 _aEBOOK
040 _aCRL
040 _beng
040 _cCRL
041 _2eng
041 _aeng
084 _qCRL
100 _aMaggie Johnson; Junhua Reitman
_91147782
245 4 _aThe Selective Mutism Workbook for Parents and Professionals
245 0 _bSmall Steps, Big Changes
260 _bTaylor and Francis
260 _c2023
365 _a
365 _b220
856 _uhttp://www.taylorfrancis.com/books/9781003244035
942 _cEBOOK
999 _c1737567
_d1737567